Statistics for Least Obese Countries by Size

Click here to take the quiz!

General Stats

  • This quiz has been taken 12 times
  • The average score is 13 of 20

Answer Stats

%Country% Correct
2.1Vietnam
100%
3.9India
91%
4.3Japan
91%
3.9Cambodia
82%
5.3Laos
82%
4.7South Korea
82%
3.6Bangladesh
73%
6.4Bhutan
73%
4.5Ethiopia
64%
4.1Nepal
64%
5.2Sri Lanka
64%
6.1Singapore
55%
11.8Cape Verde
45%
7.5Central African Republic
45%
3.8East Timor
45%
5.0Eritrea
45%
5.3Madagascar
45%
12.4São Tomé and Príncipe
45%
7.8Comoros
36%
8.6Maldives
27%

Score Distribution

Percentile by Number Answered

Percent of People with Each Score

Your Score History

You have not taken this quiz